Welcome to the Holygrace Academy Library

Please use search bar below to get started

NAPOLEON HILL (Record no. 5708)

MARC details
000 -LEADER
fixed length control field 00258nam a22001217a 4500
082 ## - DEWEY DECIMAL CLASSIFICATION NUMBER
Classification number 150
Item number WIL/N
100 ## - MAIN ENTRY--AUTHOR NAME
Personal name WILLIAMSON,JUDITH
245 ## - TITLE STATEMENT
Title NAPOLEON HILL
260 ## - PUBLICATION, DISTRIBUTION, ETC. (IMPRINT)
Place of publication USA
Name of publisher JAICO PUBLISHING HOUSE
300 ## - PHYSICAL DESCRIPTION
Number of Pages 150
650 ## - SUBJECT ADDED ENTRY--TOPICAL TERM
Topical Term BIOGRAPHY
Geographic subdivision USA
942 ## - ADDED ENTRY ELEMENTS (KOHA)
Koha item type Books
Holdings
Withdrawn status Lost status Collection code Home library Current library Shelving location Date acquired Source of acquisition Full call number Accession Number Koha item type
    Reference Main Library Main Library SHELF-17-J-BIOGRAPHIES & AUTOBIOGRAPHIES 28/10/2019 PURCHASE 150 WIL/N 11798 Books